Statistics for Futurama Character Trivia

Click here to take the quiz!

General Stats

  • This quiz has been taken 24 times
  • The average score is 19 of 22

Answer Stats

Hint Answer % Correct
He was trapped in a cryogenic containment unit for 1,000 years.Phillip J. Fry
100%
The robot chef of Planet Express.Bender Bending Rodrigez
100%
A Jamaican bureaucrat.Hermes Conrad
100%
The owner of Planet Express and professor at Mars University.Professor Hubert Farnsworth
100%
The official Planet Express doctor, he is a Decapodian.Doctor John A. Zoidberg
100%
A female space captain cyclops.Turanga Leela
100%
Janitor of Planet Express.Scruffy Scruffington
95%
Leelas pet, He is a Nibblonian.Nibbler
95%
Owner of the biggest Robot ManufacturerMom
95%
Captain of the ship "Nimbus", has a never ending crush on Leela.Zapp Brannigan
95%
Professor Farnsworths intern, from the planet Mars.Amy Wong
90%
An acting robot, star of "All My Circuits".Calculon
90%
Ruler of Omicron Persei 8.Lrrr
90%
Benders "evil" twin.Flexo
90%
Ruler of Robot Hell.The Robot Devil
90%
A famous chef from Neptune.Elzar
80%
Criminally insane robot shown in many episodes.Roberto
80%
Son of the above.Dwight Conrad
75%
Professor Farnsworths arch-enemy.Professor Ogden Wernstrom
70%
Wife of HermesLaBarbara Conrad
70%
Wife of the above.Ndnd
60%
Right-hand man of the above. Amy's smizmar.Kif Kroker
55%

Score Distribution

Percentile by Number Answered

Percent of People with Each Score

Your Score History

You have not taken this quiz